000 01447nam a2200397 i 4500
001 000048621
003 DO-SdBNP
005 20240409073645.0
007 ta
008 100203s2005 dr c 001 0 spa d
020 _a9993497452
040 _aDO-SdBNP
_bspa
_cBNPHU
_erda
082 4 _a972.93053
_bM425m, 2005
_222
100 1 _aMateo, Andrés L.,
_d 1946-
_eautor
_9776
245 1 0 _aMito y cultura en la era de Trujillo /
_cAndrés L. Mateo.
250 _a3a. ed. corregida.
264 _aSanto Domingo :
_bManatí,
_c2005.
300 _a217 páginas
_bretratos ;
_c23 cm.
336 _2rdacontent
_atexto
_btxt
337 _2rdamedia
_asin mediación
_bn
338 _2rdacarrier
_avolumen
_bnc
500 _aIncluye referencias bibliográficas y notas al pie de las páginas
500 _aIncluye datos biográficos del autor en las solapas
500 _aIncluye índice onomástico
504 _aBibliografía: p. 205-212
590 _aInventariado, 2019/ YL
650 4 _aIntelectuales
_zRepública Dominicana
_xAspectos sociales
_934414
650 4 _aIntelectuales
_zRepública Dominicana
_91721
650 4 _aIntelectuales
_xActividad política
_934415
650 4 _aPolítica y cultura
_98455
650 4 _aPolítica y literatura
_98963
650 4 _aCultura
_zRepública Dominicana
_91983
651 4 _aRepública Dominicana
_xAspectos Culturales
_934416
910 _aValidado. Control de calidad MFF
942 _2ddc
_cLBS1
999 _c48109
_d48109